00413nam a2200157Ia 4500003000900000008004100009020001800050040001600068080001600084110001000100245004100110260003400151300001400185650004100199650001500240IN-BaIIA211028s9999 xx 000 0 eng d a0-13-928995-X cIIA Library a681.31bINM aINMOS 0aTransputer development systemcINMOS aNew YorkbPrentice-Hallc1988 axx, 491p. aAstronomy and astrophysics thesaurus aTransputer